| 000 | 00588nam a2200193 a 4500 | ||
|---|---|---|---|
| 001 | 000024087 | ||
| 005 | 20200930022716.0 | ||
| 008 | 110118s1963 ctu r 000 0 spa d | ||
| 040 |
_aDO-SdBNP _bspa _cBNPHU |
||
| 082 |
_annnn _bB356r |
||
| 100 | 1 |
_aBayard, James, _949484 |
|
| 245 | 1 | 4 |
_aThe real story on cuba / _cJames Bayard. |
| 260 |
_aConnecticut : _bMonarch Books, _c1963. |
||
| 300 |
_a159 p. ; _c19 cm. |
||
| 490 | 1 |
_aMonarch Select _v14 |
|
| 504 | _aIncluye referencias bibliográficas y notas al pie de las páginas. | ||
| 830 | 0 |
_aMonarch Select ; _v14 _949485 |
|
| 049 | _aBNGR | ||
| 999 |
_c23582 _d23582 |
||